000 00531nam a2200145 a 4500
008 120416s1981 ||||||||||||||||| || u
050 _aHF 5825 Wad
100 _aWademan, Victor
245 1 0 _aMoney-making advertising
246 _aa guide to advertising that sells
260 _aNew York
_bJohn Wiley and Sons
_c[1981]
300 _axiii, 142p. : ill.
350 _a0.00
995 _D0.00
_FCBU-MAIN LIBRARY (Kitwe)
_H1
_I0.00
_M1
_UAVAILABLE
_ZMain Library Open Access Collection
999 _c51614
_d51614